Total Drama Characters - Statistics

General Stats
  • This quiz has been taken 579 times
  • The average score is 22 of 24
Answer Stats
Hint Answer % Correct
Bossy, mean, manipulative, gets head shaved before being eliminated Heather
98%
Punk, went to juvenile hall, has a green mohawk Duncan
97%
Goth, allergic to eucalyptus, "boyfriend stealer" Gwen
97%
Loves eating, has a fear of flying, farts a lot Owen
97%
Vegetarian, animal-lover, surfer. Bridgette
96%
Home-schooled, ,sexist, always gets voted off first. Ezekiel
96%
Party-animal, boyfriend of the above character Geoff
96%
Super crazy, being chased by RCMP, also known as Brainzilla and Escope Izzy
96%
She's a CIT, good-girl, ex-girl friend of above character Courtney
95%
Dumb blonde, forgot name of her boyfriend Lindsay
94%
Guitarist, favorite number is 9 Trent
94%
Sports jock, has strong fingers, boyfriend of above character Tyler
94%
Got mauled by a bear, has an overly attached fan, peed his pants once Cody
93%
Tough girl. lifts weights, needs anger management Eva
93%
Nerd, beat boxes, cartoon version of Napoleon Dynamite Harold
93%
Wears glasses, talks with a lisp, has a boyfriend named Brady Beth
92%
One of the two newer contestants,uses good looks and sweet talk to manipulate people Alejandro
91%
Very annoying, talks a lot, skinny, got lost in the woods Katie
91%
Sarcastic, smart-ass, not a team player Noah
91%
Very annoying, talks a lot, got lost in the woods best friends of above character Sadie
91%
Good-looking, eye-candy, fear is not being gorgeous Justin
89%
Loud, got eliminated when people accidentally said her name in Playa de Losers LeShawna
89%
Knows a lot about Total Drama, creepy, weird, stalker Sierra
89%
Had an animal mangling curse, scaredy-cat DJ
86%
No matching quizzes found
Score Distribution
Percent of People with Each Score
Percentile by Number Answered
Your Score History
You have not taken this quiz